000
00331nam a2200145Ia 4500
008
191201s2001 xx 000 0 und d
082
_a
658.5
_b
ARO
100
_a
ARCHANA, Tyagi
245
0
_a
Organizational Behavior
250
_a
1st
260
_a
N.Delhi
_b
Excel Books
_c
2001
300
_a
310
650
_a
MBA
942
_2
ddc
_c
BK
999
_c
2688
_d
2688